Lessons in Leadership : Meeting the Challenges of Public Services Management /

Zapisane w:
Opis bibliograficzny
1. autor: Milner, Eileen M. (autor)
Kolejni autorzy: Joyce, Paul (autor) (autor)
Format: Książka
Język:angielski
Wydane: Londres, Inglaterra : Routledge, 2005, c2005
Boulder, EUA : NetLibrary [distribución], 2005
Hasła przedmiotowe:
Dostęp online:Ver documento en línea
Etykiety: Dodaj etykietę
Nie ma etykietki, Dołącz pierwszą etykiete!

MARC

LEADER 00000nam^a2200000^a^4500
001 000194624
005 20251023000000.0
009 20260310102725.33
020 |a 0-203-61779-7 
037 |a Acervo ITESO - Biblioteca 
041 |a ING 
082 |a 351. 4  |b MIL 
100 |a Milner, Eileen M.  |e (autor) 
245 1 0 |a Lessons in Leadership :  |b Meeting the Challenges of Public Services Management /  |c E.M. Milner, P. Joyce. 
264 4 |a Londres, Inglaterra :  |b Routledge,  |c 2005, c2005 
264 4 |a Boulder, EUA :  |b NetLibrary [distribución],  |c 2005 
300 |a 1 libro electrónico en línea (IX, 181 p.) 
336 |a datos para computadora  |b cod  |2 rdacontenido 
337 |a computadora  |b c  |2 rdamedio 
338 |a recurso en línea  |b cr  |2 rdasoporte 
506 1 |a 1 licencia 
649 |a XX 
650 |a Liderazgo -  |x Tema Principal 
650 |a Motivación 
650 |a Proceso Administrativo -  |x Dirección 
650 |a Administración Pública -  |x Tema Principal 
650 |a Ciencias Administrativas 
650 |a Política 
700 |a Joyce, Paul  |e (autor) 
856 4 0 |u https://ezproxy.iteso.mx/login?url=https://search.ebscohost.com/login.aspx?direct=true&scope=site&db=nlebk&db=nlabk&AN=116144  |y Ver documento en línea 
910 |a Fondo General 
920 |a Electrónicos - Libros en Línea 
930 |a Plataforma Digital 
905 |a 205 
901 |a 194624  |b IT2  |c EBO  |i C145  |u 20250521 
902 |a https://opac.biblio.iteso.mx/vufind/Record/000194624